000 00701nam a2200229 a 4500
005 20240813063856.0
008 020906s1985 es r 000 0 spa d
020 _a8471121743
035 _aUPN01000118927
049 _aCG
050 4 _aRC570
_bE3.78 1985
100 1 _aEdgerton, Robert,
_d1931-
245 1 0 _aRetraso mental /
_cRobert Edgerton ; tr. Alfredo Guera Miralles.
250 _a2a ed.
260 _aMadrid :
_bMorata,
_cc1985.
300 _a189 p.
440 0 _aPsicología.
_pEl desarrollo en el niño ;
_v12
534 _pTraducción de:
_tMental retardation
650 4 _aNiños con discapacidad mental
_93820
650 0 _aPersonas con discapacidad mental
_95134
905 _aLibro
999 _c91289
_d91289